Statistics for Countries that contain the letter U

Click here to take the quiz!

General Stats

  • This quiz has been taken 55 times
  • The average score is 52 of 56

Answer Stats

ContinentHintAnswer% Correct
Europe2nd letterAustria
100%
Africa2nd letterGuinea
100%
South America6th letterParaguay
100%
Africa1st letterUganda
100%
Europe1st letter (It is a 2 letter country)United Kingdom
100%
South America1st letterUruguay
100%
Oceania2nd letterAustralia
98%
Europe2nd letterHungary
98%
Europe5th letterLithuania
98%
Oceania4th letterPapua New Guinea
98%
Europe2nd letterRussia
98%
Africa3rd letterSouth Sudan
98%
Africa2nd letterSudan
98%
Asia2nd letterTurkmenistan
98%
Europe1st letterUkraine
98%
Asia1st letter (It is a 3 letter country)United Arab Emirates
98%
North America1st letter (It is a 4 word country)United States of America
98%
Europe2nd letterBulgaria
96%
Europe2nd letterLuxembourg
96%
Europe5th letterPortugal
96%
Asia2nd letterTurkey
96%
Asia1st letterUzbekistan
96%
North America6th letter and 15th letter (It is a 3 word country)Antigua and Barbuda
94%
Africa12th letter (It is a 2 word country)Equatorial Guinea
94%
Africa2nd letterGuinea-Bissau
94%
South America2nd letterGuyana
94%
Oceania3rd letter and 5th letterNauru
94%
North America8th letterNicaragua
94%
South America4th letterPeru
94%
Africa3rd letterSouth Africa
94%
Oceania2nd letterTuvalu
94%
South America6th letterVenezuela
94%
Africa2nd letter (It is a 2 word country)Burkina Faso
92%
North America2nd letterCuba
92%
South America3rd letterEcuador
92%
North America5th letterHonduras
92%
Africa3rd letterMauritania
92%
North America7th letter (It is a 2 word country)Saint Lucia
92%
South America2nd letterSuriname
92%
Africa2nd letterBurundi
90%
North America13th letter (It is a 2 word country)Dominican Republic
90%
North America2nd letterGuatemala
90%
Africa3rd letterMauritius
90%
Oceania5th letterPalau
90%
Asia3rd letterSaudi Arabia
90%
Asia3rd letterSouth Korea
90%
Africa2nd letterTunisia
90%
Oceania4th letterVanuatu
90%
Europe6th letterBelgium
88%
Asia3rd letterBhutan
88%
Asia2nd letterKuwait
88%
Africa9th letterMozambique
88%
Europe6th letterBelarus
82%
Asia3rd letterBrunei
82%
Asia5th letterCyprus
80%
Europe6th letterDjibouti
69%

Score Distribution

Percentile by Number Answered

Percent of People with Each Score

Your Score History

You have not taken this quiz